Making of a diplomat : (Record no. 96282)

MARC details
000 -LEADER
fixed length control field 00700nam a22002057a 4500
005 - DATE AND TIME OF LATEST TRANSACTION
control field 20150916112341.0
010 ## - LCCN (DPL NO)
LC control number ENG-113875
020 ## - INTERNATIONAL STANDARD BOOK NUMBER
International Standard Book Number 9789322008123
Terms of availability 495.00
035 ## - SYSTEM CONTROL NUMBER
System control number EN-97407
037 ## - SOURCE OF ACQUISITION
Source of stock number/acquisition DBAD/PUB
082 ## - DEWEY DECIMAL CLASSIFICATION NUMBER
Classification number 353.132630954
100 ## - MAIN ENTRY--PERSONAL NAME
Personal name Budhwar, Prem K.
245 ## - TITLE STATEMENT
Title Making of a diplomat :
Statement of responsibility, etc by Prem K. Budhwar
Remainder of title hone your skills /
260 ## - PUBLICATION, DISTRIBUTION, ETC. (IMPRINT)
Place of publication, distribution, etc New Delhi
Name of publisher, distributor, etc Konark Publishers
Date of publication, distribution, etc 2013
270 ## - ADDRESS
Address 206, First Floor, Pocket Lane, Shahpur Jat
City New Delhi
Postal code 110049
300 ## - PHYSICAL DESCRIPTION
Extent 178p.
Dimensions 23cm(Hb)
610 ## - SUBJECT ADDED ENTRY--CORPORATE NAME
Corporate name or jurisdiction name as entry element India.
Subordinate unit Indian Foreign Service
General subdivision Vocational guidance.
650 ## - SUBJECT ADDED ENTRY--TOPICAL TERM
Topical term or geographic name as entry element Diplomats
General subdivision Vocational guidance
Geographic subdivision India.
942 ## - ADDED ENTRY ELEMENTS (KOHA)
Source of classification or shelving scheme Dewey Decimal Classification
Item type English Books
Call number suffix BUD
Classification part 353.132630954
Holdings
Withdrawn status Lost status Not for loan Collection code Home library Current library Date acquired Source of acquisition Cost, normal purchase price Full call number Barcode Copy number Cost, replacement price Koha item type
    Not For Loan Non-fiction D.B.Act.Division D.B.Act.Division 20/08/2015 DBAD/PUB 495.00 353.132630954 BUD EN-97407 1 495.00 English Books

© Delhi Public Library
Hit Counter
free hit counter